LDR 00706naa#a2200169#i#450# 001 EN\\bibl\123558 005 20260702215138.4 011 ## _a2686-9896 100 ## _a20260515b2026####ek#y0engy0150####ca 102 ## _aRU 200 1# _aFORMATION OF PSYCHOMOTOR SKILLS IN YOUNG VOLLEYBALL PLAYERS IN THE CONTEXT OF MODERN TECHNOLOGIES AND DIGITAL TRENDS _eJournal article 210 1# _aAngarsk _cFederal State Funded Educational Establishment of Higher Education «Angarsk State Technical University» _d2026 215 ## _a1 с. 608 ## _aJournal article _2local 675 ## _aСпорт. Игры. Физическая культура в целом. 796 _z 700 #1 _aRzhanov _gAleksey Aleksandrovich 856 4# _aangtu.editorum.ru _u